| 000 | 00460nam a2200169Ia 4500 | ||
|---|---|---|---|
| 005 | 20250508152831.0 | ||
| 008 | 008 250505s9999 xx 000 0 eng d | ||
| 037 | _aBooks to be hide in OPAC | ||
| 040 |
_aFEDL _beng _cFEDL |
||
| 041 |
_aeng _2eng |
||
| 084 |
_a373.5456, DEL/O _qFEDL |
||
| 245 | 0 | _aProspectus higher secondary education | |
| 245 | 0 | _cDELHI | |
| 300 | _a102p. | ||
| 942 |
_cHB _h373.5456, DEL/O |
||
| 999 |
_c1339058 _d1339058 |
||